जियो तो ऐसे जियो (Record no. 1212)

MARC details
000 -LEADER
fixed length control field 01083 a2200253 4500
005 - DATE AND TIME OF LATEST TRANSACTION
control field 2008090500320.0
008 - FIXED-LENGTH DATA ELEMENTS--GENERAL INFORMATION
fixed length control field 080905t xxu||||| |||| 00| 0 hin d
010 ## - LIBRARY OF CONGRESS CONTROL NUMBER
LC control number HIN-79084
020 ## - INTERNATIONAL STANDARD BOOK NUMBER
Terms of availability 25.00
035 ## - SYSTEM CONTROL NUMBER
System control number HN-51431
037 ## - SOURCE OF ACQUISITION
Source of stock number/acquisition D.B.Act /pub
082 ## - DEWEY DECIMAL CLASSIFICATION NUMBER
Classification number
100 ## - MAIN ENTRY--PERSONAL NAME
Personal name शर्मा, धर्मपाल
245 ## - TITLE STATEMENT
Title जियो तो ऐसे जियो
Statement of responsibility, etc धर्मपाल शर्मा
246 ## - VARYING FORM OF TITLE
Title proper/short title Jiyo to ase jio
Remainder of title by Dharmpal Sharma
250 ## - EDITION STATEMENT
Edition statement 5वां संस्क
260 ## - PUBLICATION, DISTRIBUTION, ETC. (IMPRINT)
Place of publication, distribution, etc नई दिल्ली
Name of publisher, distributor, etc आशा प्रकाशन गृह
Date of publication, distribution, etc 2001
270 ## - ADDRESS
Address 30 नाईवाला, करोल बाग
City नई दिल्ली
Postal code 110005
300 ## - PHYSICAL DESCRIPTION
Extent 140पृ.
Dimensions 19सेमी (अजिल्द)
650 ## - SUBJECT ADDED ENTRY--TOPICAL TERM
Topical term or geographic name as entry element कहानियाँ
650 ## - SUBJECT ADDED ENTRY--TOPICAL TERM
Topical term or geographic name as entry element Stories
942 ## - ADDED ENTRY ELEMENTS (KOHA)
Institution code [OBSOLETE] dpl
Koha item type Hindi Books
Call number prefix क / शर्माध
Source of classification or shelving scheme Dewey Decimal Classification
Classification part
Call number suffix शर्माध
Holdings
Withdrawn status Lost status Damaged status Not for loan Collection code Home library Current library Date acquired Cost, normal purchase price Total Checkouts Full call number Barcode Date last seen Copy number Uniform Resource Identifier Cost, replacement price Price effective from Koha item type
      Not For Loan Fiction D.B.Act.Division D.B.Act.Division 05/09/2008 25.00   क शर्माध HN-51431 15/09/2008 1 1277 25.00 15/09/2008 Hindi Books

© Delhi Public Library
Hit Counter
free hit counter